Statistics for Municipalities of Nicaragua with a Map

Click here to take the quiz!

General Stats

  • This quiz has been taken 63 times
  • The average score is 73 of 153

Answers on the Map

Answers color-coded by a green-red scale on the quiz's map according to % correct below.
 

Answer Stats

DepartmentMunicipality% Correct
ManaguaManagua
89%
LeónLeón
77%
MasayaMasaya
77%
BoacoBoaco
75%
MatagalpaMatagalpa
75%
GranadaGranada
73%
JinotegaJinotega
73%
South Caribbean CoastBluefields
70%
EstelíEstelí
70%
RivasRivas
70%
ChinandegaChinandega
68%
CarazoJinotepe
59%
ManaguaTipitapa
59%
ManaguaCiudad Sandino
57%
GranadaDiriá
57%
CarazoDiriamba
57%
ManaguaTicuantepe
57%
North Caribbean CoastBilwi
55%
ManaguaEl Crucero
55%
ChontalesJuigalpa
55%
MasayaNindirí
55%
Río San JuanSan Carlos
55%
RivasSan Juan del Sur
55%
South Caribbean CoastEl Ayote
52%
ManaguaMateare
52%
MatagalpaRío Blanco
52%
BoacoSan Lorenzo
52%
BoacoTeustepe
52%
BoacoCamoapa
50%
ChinandegaChichigalpa
50%
CarazoDolores
50%
South Caribbean CoastEl Rama
50%
MasayaMasatepe
50%
South Caribbean CoastMuelle de los Bueyes
50%
South Caribbean CoastNueva Guinea
50%
Nueva SegoviaOcotal
50%
BoacoSan José de Los Remates
50%
CarazoSan Marcos
50%
Río San JuanSan Miguelito
50%
JinotegaSan Rafael del Norte
50%
ManaguaSan Rafael del Sur
50%
BoacoSanta Lucía
50%
CarazoSanta Teresa
50%
MatagalpaSébaco
50%
MadrizSomoto
50%
North Caribbean CoastWaspán
50%
RivasAltagracia
48%
North Caribbean CoastBonanza
48%
MasayaCatarina
48%
MatagalpaCiudad Darío
48%
ChontalesComalapa
48%
ChinandegaCorinto
48%
ChontalesCuapa
48%
GranadaDiriomo
48%
Río San JuanEl Castillo
48%
ChontalesEl Coral
48%
JinotegaEl Cuá
48%
CarazoEl Rosario
48%
ChinandegaEl Viejo
48%
CarazoLa Conquista
48%
South Caribbean CoastLaguna de Perlas
48%
MatagalpaMatiguás
48%
MatagalpaMuy Muy
48%
GranadaNandaime
48%
MasayaNandasmo
48%
North Caribbean CoastRosita
48%
North Caribbean CoastSiuna
48%
RivasTola
48%
ManaguaVilla El Carmen
48%
ChontalesAcoyapa
45%
RivasBelén
45%
RivasBuenos Aires
45%
RivasCárdenas
45%
Río San JuanEl Almendro
45%
Nueva SegoviaJalapa
45%
South Caribbean CoastKukra Hill
45%
South Caribbean CoastLa Cruz de Río Grande
45%
CarazoLa Paz de Carazo
45%
Río San JuanMorrito
45%
MasayaNiquinohomo
45%
South Caribbean CoastPaiwas
45%
MadrizPalacagüina
45%
North Caribbean CoastPrinzapolka
45%
Nueva SegoviaSan Fernando
45%
ManaguaSan Francisco Libre
45%
Río San JuanSan Juan de Nicaragua
45%
MasayaSan Juan de Oriente
45%
Nueva SegoviaSanta María
45%
ChontalesSanto Tomás
45%
MasayaTisma
45%
Nueva SegoviaWiwilí
45%
JinotegaWiwili
45%
EstelíCondega
43%
LeónEl Sauce
43%
South Caribbean CoastEl Tortuguero
43%
South Caribbean CoastIslas del Maíz
43%
MasayaLa Concepción
43%
LeónLa Paz Centro
43%
EstelíLa Trinidad
43%
North Caribbean CoastMulukukú
43%
LeónNagarote
43%
ChinandegaPosoltega
43%
MatagalpaSan Dionisio
43%
RivasSan Jorge
43%
MadrizSan Lucas
43%
ChontalesSan Pedro de Lóvago
43%
MatagalpaSan Ramón
43%
JinotegaSan Sebastián de Yalí
43%
ChontalesSanto Domingo
43%
MadrizTelpaneca
43%
North Caribbean CoastWaslala
43%
Nueva SegoviaCiudad Antigua
41%
South Caribbean CoastDesembocadura de Río Grande
41%
ChinandegaEl Realejo
41%
MatagalpaEl Tuma - La Dalia
41%
MatagalpaEsquipulas
41%
JinotegaLa Concordia
41%
ChontalesLa Libertad
41%
Nueva SegoviaMurra
41%
RivasPotosí
41%
EstelíPueblo Nuevo
41%
Nueva SegoviaQuilalí
41%
MatagalpaRancho Grande
41%
ChinandegaSan Francisco del Norte
41%
MatagalpaSan Isidro
41%
JinotegaSan José de Bocay
41%
LeónSanta Rosa del Peñón
41%
ChinandegaSomotillo
41%
MatagalpaTerrabona
41%
ChinandegaVillanueva
41%
ChontalesVilla Sandino
41%
MadrizYalagüina
41%
LeónAchuapa
39%
ChinandegaCinco Pinos
39%
LeónEl Jicaral
39%
LeónLarreynaga
39%
ChinandegaPuerto Morazán
39%
LeónQuezalguaque
39%
MadrizSan José de Cusmapa
39%
MadrizSan Juan de Río Coco
39%
ChinandegaSan Pedro del Norte
39%
JinotegaSanta María de Pantasma
39%
ChinandegaSanto Tomás del Norte
39%
LeónTelica
39%
MadrizTotogalpa
39%
Nueva SegoviaDipilito
36%
RivasMoyagalpa
36%
EstelíSan Juan de Limay
36%
EstelíSan Nicolás
36%
Nueva SegoviaEl Jícaro
34%
MadrizLas Sabana
34%
Nueva SegoviaMacuelizo
34%
Nueva SegoviaMonzonte
34%

Score Distribution

Percentile by Number Answered

Percent of People with Each Score

Your Score History

You have not taken this quiz